000 00287nam a2200109Ia 4500
008 200302s9999 xx 000 0 und d
100 _aOscar newman
245 _aDefensible Space People and Design in the Violent City
260 _bArchitectural Press
260 _c1972
300 _a264 P.,
999 _c5244
_d5244